000 00389nam a2200145 a 4500
001 000029842
005 20200930055841.0
008 110426s1931 sp 000 0 spa d
040 _aDO-SdBNP
_bspa
_cBNPHU
082 _axxx
_bxxx
100 1 _aMon Oliverio
_956596
245 1 0 _aUn santito de dulce /
_cOliverio Mon.
260 _aBarcelona :
_bJuventud,
_c1931.
300 _a320 p. ;
_c21 cm.
999 _c29334
_d29334